00458nam a2200133Ia 4500008004100000020001500041050002300056100002200079245011800101250001100219260002700230300002400257500004300281121101s9999 xx 000 0 und d a8480862661 aHD 58.7 G5418 1996 aGibson, JAmes, L. aLas organizaciones : comportamiento, estructura, proceso / James L. Gibson, Jhon M. Ivancevich, James H. Donelly. a1a ed. aColombia : McGraw-Hill a908 p. :il. ; 26 cm aTraducido de: Organizations, 8a ed.Ì